Estatísticas para Hino do flamengo

Clique aqui para jogar o quiz

Estatísticas Gerais

  • Esse quiz foi jogado 1 155 vezes
  • A pontuação média é 42 de 85

Estatísticas das Respostas

Resposta% Correto
Uma
100%
Flamengo
99%
vez
99%
Flamengo
98%
sempre
98%
Flamengo
95%
sempre,
93%
eu
88%
de
85%
ser
85%
É
82%
hei
77%
prazer
72%
maior
71%
mar
71%
na
71%
no
71%
seja
71%
seja
71%
terra,
71%
o
70%
vê-lo
70%
vencer,
70%
vencer!
70%
vencer,
70%
brilhar
69%
Flamengo
69%
meu
69%
uma
69%
vez
69%
até
68%
Flamengo
68%
morrer
68%
na
56%
regata,
55%
ele
54%
me
54%
mata,
53%
me
53%
maltrata,
52%
arrebata
51%
me
51%
emoção
45%
coração!
44%
no
43%
consagrado
39%
gramado
39%
no
39%
amado
37%
que
37%
sempre
37%
é
29%
cotado
28%
Fla-Flu
28%
mais
28%
no
28%
o
28%
o
28%
ai,
27%
Jesus!
27%
Eu
26%
teria
26%
um
25%
desgosto
24%
profundo
24%
se
24%
faltasse
23%
o
23%
Flamengo
22%
no
22%
Ele
21%
mundo
21%
é
19%
ele
19%
fibra
19%
19%
libra
19%
muita
19%
vibra,
19%
até
18%
eu
18%
Flamengo
18%
morrer
18%
sou!
18%
pesou
17%

Distribuição das Pontuações

Percentil de Números Respondidos

Porcentagem de Pessoas com Cada Pontuação

Sua Pontuação Histórica

Você não jogou esse quiz